[Event "11th Banco di Roma"]
[Site "Rome ITA"]
[Date "1988.02.??"]
[Round "1"]
[White "Smyslov, Vassily"]
[Black "Lukacs, Peter"]
[Result "1-0"]
[WhiteElo "2550"]
[BlackElo "2490"]
[EventDate "1988.02.20"]
[PlyCount "81"]

1.d4 Nf6 2.c4 e6 3.Nc3 Bb4 4.e3 O-O 5.Ne2 d5 6.a3 Be7 7.Nf4 c6 8.Bd2 Nbd7 
9.cxd5 Nxd5 10.e4 N5b6 11.e5 c5 12.Be3 cxd4 13.Bxd4 Bc5 14.Ne4 Bxd4 15.
Qxd4 Nd5 16.Nxd5 exd5 17.Nd6 Nb8 18.Bd3 Nc6 19.Qxd5 Qg5 20.O-O Qxe5 21.
Qxe5 Nxe5 22.Be4 Rd8 23.Rfd1 Kf8 24.Rac1 Rb8 25.b4 b6 26.f4 Ng6 27.f5 Ne7 
28.g4 f6 29.Nb5 Rxd1+ 30.Rxd1 Ba6 31.Nxa7 Be2 32.Rd7 Re8 33.h3 Bc4 34.Kf2 
b5 35.Rc7 Rd8 36.Kf3 Rd1 37.a4 Nd5 38.Rc8+ Ke7 39.axb5 Rf1+ 40.Kg3 Ne3 41.
b6 1-0